000
00289nam a2200097Ia 4500
008
230915s9999 xx 000 0 und d
050
_a
K 231 .O46 2006 C.1
100
_a
OMONY, JOHN PAUL
245
0
_a
KEY ISSUES IN JURISPRUDENCE; AN INDEPTH DICOURSE IN JURISPRUDENCE PROBLEMS
942
_c
BK
999
_c
161512
_d
161512